| 000 | 00432nam a2200145Ia 4500 | ||
|---|---|---|---|
| 008 | 231129s2004||||xx |||||||||||||| ||spa|| | ||
| 020 | _a958-33-6653-6 | ||
| 040 | _bspa | ||
| 082 | _a370.115 V181u | ||
| 100 | _aVallejo Arcila Gonzalo Hugo | ||
| 245 | 0 | _aLa utopía pedagógica desafíos y esperanza | |
| 260 | _c2004 | ||
| 264 | _aComunidad Educativa Villa Santana | ||
| 942 |
_2ddc _cBKS |
||
| 999 |
_c18397 _d18397 |
||